Normal view MARC view

Entry Nombre de reunión

Number of records used in: 1

001 - NÚMERO DE CONTROL

  • campo de control: 3350

003 - IDENTIFICADOR DE NÚMERO DE CONTROL

  • campo de control: OSt

005 - FECHA Y HORA DE LA ÚLTIMA TRANSACCIÓN

  • campo de control: 20221005155003.0

008 - ELEMENTOS DE DATO DE LONGITUD-FIJA

  • campo de control de longitud fija: 221005|| aca||aabn | a|a d

040 ## - FUENTE DE CATALOGACIÓN

  • Centro catalogador/agencia de origen: OSt
  • Centro/agencia transcriptor: OSt

111 ## - ENCABEZAMIENTO--NOMBRE DE CONGRESO/REUNIÓN

  • Nombre de congreso/reunión o jurisdicción como elemento de entrada: ORGANIZACION REGIONAL INTERAMERICANA DE TRABAJADORES
  • Unidad subordinada: Congreso
  • Número del congreso/reunión o número de parte o sección: 13º
  • Fecha del congreso o de la firma del tratado: (1993 :
  • Sede del congreso/Lugar de la reunión: Toronto)

670 ## - FUENTE DE DATOS ENCONTRADOS

  • Cita de la fuente: Work cat.: (OSt)2293: MENEGUELLI, Jair 3349, Discurso proferido por Jair Meneguelli, presidente da CUT, no XIII Congreso Continental da ORIT, 1993

Powered by Koha